[Event "DEM U10 2018"]
[Site "Willingen GER"]
[Date "2018.05.20"]
[Round "2"]
[White "Klaska, Philipp Leon"]
[Black "Schreidl, Michael"]
[Result "1-0"]
[Termination "normal"]
[Board "12"]
[WhiteElo "1272"]
[BlackElo "1325"]
[WhiteClock "00:54:34"]
[BlackClock "01:06:18"]
[PlyCount "57"]
[WhiteFideId "16238044"]
[BlackFideId "16265750"]
[EventCountry "GER"]
[EventRounds "11"]
[EventType "swiss"]
[EventDate "2018.05.19"]

1. e4 {[%clk 1:15:59]} 1... e5 {[%clk 1:15:57]} 2. Nf3 {[%clk 1:16:22]} 2...
Nc6 {[%clk 1:16:22]} 3. Bc4 {[%clk 1:16:46]} 3... Bc5 {[%clk 1:16:46]} 4. c3 {
[%clk 1:17:09]} 4... Nf6 {[%clk 1:17:11]} 5. d4 {[%clk 1:17:33]} 5... exd4 {
[%clk 1:17:37]} 6. cxd4 {[%clk 1:17:56]} 6... Bb4+ {[%clk 1:18:01]} 7. Bd2 {
[%clk 1:18:21]} 7... Bxd2+ {[%clk 1:18:24]} 8. Nbxd2 {[%clk 1:18:45]} 8... d5 {
[%clk 1:18:49]} 9. exd5 {[%clk 1:19:08]} 9... Nxd5 {[%clk 1:19:13]} 10. O-O {
[%clk 1:19:28]} 10... O-O {[%clk 1:19:37]} 11. Rc1 {[%clk 1:19:29]} 11... Nb6 {
[%clk 1:19:46]} 12. Bb3 {[%clk 1:19:38]} 12... a5 {[%clk 1:20:03]} 13. a4 {
[%clk 1:19:51]} 13... h6 {[%clk 1:18:16]} 14. Ne4 {[%clk 1:17:39]} 14... Bg4 {
[%clk 1:16:54]} 15. d5 {[%clk 1:15:08]} 15... Ne5 {[%clk 1:16:54]} 16. Re1 {
[%clk 1:13:20]} 16... Nxf3+ {[%clk 1:15:55]} 17. gxf3 {[%clk 1:13:41]} 17...
Bh3 {[%clk 1:15:09]} 18. d6 {[%clk 1:10:03]} 18... c6 {[%clk 1:14:19]} 19. Kh1
{[%clk 1:07:52]} 19... Kh8 {[%clk 1:14:19]} 20. Rg1 {[%clk 1:05:59]} 20... Nd7
{[%clk 1:09:29]} 21. Qd4 {[%clk 1:03:29]} 21... f6 {[%clk 1:09:21]} 22. Rg3 {
[%clk 1:01:23]} 22... Bf5 {[%clk 1:08:57]} 23. Rcg1 {[%clk 0:59:37]} 23... g5 {
[%clk 1:09:02]} 24. h4 {[%clk 0:56:38]} 24... Kh7 {[%clk 1:08:33]} 25. hxg5 {
[%clk 0:55:51]} 25... fxg5 {[%clk 1:08:47]} 26. Nxg5+ {[%clk 0:54:30]} 26...
hxg5 {[%clk 1:07:13]} 27. Rxg5 {[%clk 0:54:51]} 27... Rf6 {[%clk 1:07:03]} 28.
Rh5+ {[%clk 0:54:34]} 28... Rh6 {[%clk 1:06:18]} 29. Qg7# 1-0

[Event "DEM U10 2018"]
[Site "Willingen GER"]
[Date "2018.05.20"]
[Round "2"]
[White "Cilo, Selimhan"]
[Black "Strehse, Nelson"]
[Result "0-1"]
[Termination "normal"]
[Board "13"]
[WhiteElo "1400"]
[BlackElo "1201"]
[PlyCount "76"]
[WhiteFideId "16246756"]
[BlackFideId "16228898"]
[EventCountry "GER"]
[EventRounds "11"]
[EventType "swiss"]
[EventDate "2018.05.19"]

1. e4 e5 2. Nf3 Nc6 3. Bc4 Bc5 4. c3 Nf6 5. d4 exd4 6. cxd4 Bb4+ 7. Nc3 Nxe4 8.
O-O Bxc3 9. d5 Bf6 10. Re1 Ne7 11. Rxe4 d6 12. Bg5 Bxg5 13. Nxg5 h6 14. Qe2
hxg5 15. Re1 Be6 16. dxe6 f6 17. Re3 c6 18. Rh3 Rxh3 19. gxh3 g6 20. Qf3 Qa5
21. Qxf6 Qxe1+ 22. Bf1 O-O-O 23. Qxe7 Qe5 24. h4 g4 25. Qf7 Qf5 26. Bd3 Qxd3
27. e7 Qd1+ 28. Kg2 Qf3+ 29. Qxf3 gxf3+ 30. Kxf3 Re8 31. Kg4 d5 32. Kg5 d4 33.
Kxg6 Rxe7 34. h5 d3 35. h6 d2 36. h7 Rxh7 37. Kxh7 d1=Q 38. Kg6 Qg1+ 0-1

[Event "DEM U10 2018"]
[Site "Willingen GER"]
[Date "2018.05.20"]
[Round "2"]
[White "Krüger, Aurelian"]
[Black "Leubner, Paul Damdin"]
[Result "1-0"]
[Termination "normal"]
[Board "14"]
[WhiteElo "1469"]
[BlackElo "1127"]
[PlyCount "61"]
[WhiteFideId "16230400"]
[BlackFideId "16265858"]
[EventCountry "GER"]
[EventRounds "11"]
[EventType "swiss"]
[EventDate "2018.05.19"]

1. e4 e5 2. Nf3 Nc6 3. Bc4 Nf6 4. d4 exd4 5. O-O Bc5 6. e5 d5 7. exf6 dxc4 8.
fxg7 Rg8 9. Bg5 Qd6 10. Nbd2 f6 11. Ne4 Qe6 12. Nxf6+ Kf7 13. Nxg8 Kxg8 14. Re1
Qf7 15. c3 Bg4 16. h3 Bh5 17. g4 Bg6 18. cxd4 Re8 19. Rxe8+ Qxe8 20. dxc5 Qf7
21. Nd4 Ne5 22. f4 Nd3 23. f5 Nxb2 24. Qe2 Nd3 25. fxg6 Qxg6 26. Nf5 Nxc5 27.
Ne7+ Kf7 28. Nxg6 hxg6 29. Qe7+ Kg8 30. Qf8+ Kh7 31. Qh8# 1-0

[Event "DEM U10 2018"]
[Site "Willingen GER"]
[Date "2018.05.20"]
[Round "2"]
[White "Weyerer, Noah"]
[Black "Ermitsch, Magnus"]
[Result "0-1"]
[Termination "normal"]
[Board "15"]
[WhiteElo "1263"]
[BlackElo "1560"]
[PlyCount "62"]
[WhiteFideId "16250664"]
[BlackFideId "16234464"]
[EventCountry "GER"]
[EventRounds "11"]
[EventType "swiss"]
[EventDate "2018.05.19"]

1. d4 Nf6 2. Bf4 d5 3. e3 c5 4. c3 Nc6 5. Nd2 Bf5 6. Ngf3 h6 7. Qb3 Qd7 8. Ne5
Nxe5 9. dxe5 c4 10. Nxc4 dxc4 11. Bxc4 O-O-O 12. exf6 gxf6 13. Ba6 e5 14. O-O
bxa6 15. Bg3 Be6 16. Qc2 h5 17. Rad1 Qc7 18. Qe4 Kb8 19. f4 h4 20. Bf2 Bc5 21.
f5 Bd7 22. Qc4 Bb5 23. Qb3 Ka8 24. Rfe1 h3 25. g3 Qc6 26. Rxd8+ Rxd8 27. e4
Bxf2+ 28. Kxf2 Rd2+ 29. Kg1 Qc5+ 30. Kh1 Qf2 31. Re2 Qf1# 0-1

[Event "DEM U10 2018"]
[Site "Willingen GER"]
[Date "2018.05.20"]
[Round "2"]
[White "Klonov, Jakov"]
[Black "Kempe, Caius Emilian"]
[Result "0-1"]
[Termination "normal"]
[Board "16"]
[WhiteElo "1264"]
[BlackElo "1522"]
[PlyCount "106"]
[WhiteFideId "16211928"]
[BlackFideId "16246861"]
[EventCountry "GER"]
[EventRounds "11"]
[EventType "swiss"]
[EventDate "2018.05.19"]

1. e4 c5 2. c3 d5 3. exd5 Qxd5 4. d4 Nf6 5. h3 e6 6. Nf3 Nc6 7. Bb5 Bd7 8. O-O
cxd4 9. Bxc6 Bxc6 10. cxd4 Be7 11. Nc3 Qd8 12. Ne5 Rc8 13. Be3 O-O 14. Re1 a6
15. Rc1 Nd5 16. Nxc6 Rxc6 17. Nxd5 Qxd5 18. Rxc6 Qxc6 19. Qc1 Qd7 20. Qd2 Rd8
21. Rc1 Bf6 22. Rd1 Qd5 23. b3 e5 24. dxe5 Qxd2 25. Rxd2 Rxd2 26. Bxd2 Bxe5 27.
Kf1 Kf8 28. Ke2 Ke7 29. Kd3 Kd6 30. Bc3 Bxc3 31. Kxc3 Kc5 32. a3 a5 33. f4 f5
34. g3 h5 35. h4 b5 36. b4+ axb4+ 37. axb4+ Kd5 38. Kd3 g6 39. Kc3 Ke4 40. Kb3
Kd3 41. Kb2 Kc4 42. Ka3 Kc3 43. Ka2 Kxb4 44. Kb2 Kc4 45. Kc2 b4 46. Kb2 b3 47.
Kb1 Kc3 48. Kc1 b2+ 49. Kb1 Kb3 50. g4 fxg4 51. f5 g3 52. f6 g2 53. f7 g1=R#
0-1

[Event "DEM U10 2018"]
[Site "Willingen GER"]
[Date "2018.05.20"]
[Round "2"]
[White "Held, Momme Fredrik"]
[Black "Cernov, Henrik"]
[Result "1/2-1/2"]
[Termination "normal"]
[Board "17"]
[WhiteElo "1674"]
[BlackElo "1353"]
[PlyCount "120"]
[WhiteFideId "16237692"]
[BlackFideId "16258312"]
[EventCountry "GER"]
[EventRounds "11"]
[EventType "swiss"]
[EventDate "2018.05.19"]

1. e4 c5 2. c3 Nf6 3. e5 Nd5 4. d4 cxd4 5. Nf3 Nc6 6. cxd4 d6 7. Bc4 Nb6 8. Bb3
Bg4 9. Bxf7+ Kxf7 10. Ng5+ Ke8 11. Qxg4 dxe5 12. dxe5 Nxe5 13. Qe4 Nd3+ 14. Ke2
Nxc1+ 15. Rxc1 Rc8 16. Nc3 Nc4 17. Rd1 Qb6 18. b3 Nd6 19. Qa4+ Qc6 20. Qxc6+
Rxc6 21. Rac1 g6 22. Nd5 Bh6 23. Rxc6 bxc6 24. Nc7+ Kd7 25. Nge6 Rc8 26. g4
Rxc7 27. Nxc7 Kxc7 28. Rd4 Nb5 29. Rd3 c5 30. Rh3 Bf4 31. Kd3 h6 32. Kc4 Kc6
33. Rf3 e5 34. h4 Nd6+ 35. Kc3 Nb5+ 36. Kc4 Nd6+ 37. Kc3 Nb5+ 38. Kb2 Nd4 39.
Rc3 Kd5 40. f3 h5 41. gxh5 gxh5 42. b4 cxb4 43. Rc7 Nxf3 44. Rxa7 Nxh4 45. Rh7
Nf5 46. Rxh5 Nd6 47. Kb3 Bd2 48. Rh2 Bc3 49. a3 Kc5 50. Rh5 Kd4 51. axb4 Bxb4
52. Kxb4 e4 53. Rh4 Kd3 54. Kc5 e3 55. Rd4+ Kc3 56. Rxd6 e2 57. Re6 Kd2 58.
Rd6+ Kc2 59. Re6 Kd2 60. Rxe2+ Kxe2 1/2-1/2

[Event "DEM U10 2018"]
[Site "Willingen GER"]
[Date "2018.05.20"]
[Round "2"]
[White "Kiefhaber, Tobias"]
[Black "Henzgen, Pascal"]
[Result "1-0"]
[Termination "normal"]
[Board "18"]
[WhiteElo "1551"]
[BlackElo "1223"]
[PlyCount "87"]
[WhiteFideId "16240693"]
[BlackFideId "16263138"]
[EventCountry "GER"]
[EventRounds "11"]
[EventType "swiss"]
[EventDate "2018.05.19"]

1. d4 d5 2. Nf3 Nf6 3. c4 e6 4. Nc3 Be7 5. Bg5 O-O 6. e3 Nbd7 7. Qb3 c6 8. Bd3
b6 9. cxd5 cxd5 10. O-O Bb7 11. Rac1 a6 12. Rc2 Ne4 13. Bxe7 Qxe7 14. Ne5 Nxe5
15. dxe5 Nxc3 16. Rxc3 b5 17. Rfc1 Rfd8 18. Rc7 Rd7 19. Qc2 g6 20. Rxd7 Qxd7
21. Qc7 Qxc7 22. Rxc7 Rb8 23. Kf1 Ba8 24. Ke2 d4 25. f3 dxe3 26. Kxe3 Rb7 27.
Rxb7 Bxb7 28. Be4 Bc8 29. Kd4 Kf8 30. Kc5 Ke7 31. Kb6 h5 32. Kc7 Bd7 33. Bc6
Bxc6 34. Kxc6 f5 35. h4 Kf7 36. Kd7 a5 37. b3 b4 38. Kd6 f4 39. Kd7 g5 40. hxg5
Kg6 41. Kxe6 Kxg5 42. Kd7 Kh4 43. e6 Kg3 44. e7 1-0

[Event "DEM U10 2018"]
[Site "Willingen GER"]
[Date "2018.05.20"]
[Round "2"]
[White "Bongardt, Livius"]
[Black "Toth, Luca"]
[Result "0-1"]
[Termination "normal"]
[Board "19"]
[WhiteElo "1398"]
[BlackElo "1218"]
[PlyCount "82"]
[WhiteFideId "16265718"]
[BlackFideId "16260228"]
[EventCountry "GER"]
[EventRounds "11"]
[EventType "swiss"]
[EventDate "2018.05.19"]

1. e4 e5 2. Nf3 Nc6 3. Bc4 Bc5 4. c3 d6 5. d4 exd4 6. cxd4 Bb4+ 7. Nc3 Nf6 8.
Qc2 Bg4 9. Be3 Qe7 10. Bd3 O-O-O 11. O-O-O Bxc3 12. bxc3 Rde8 13. Bg5 h6 14.
Bxf6 Qxf6 15. Qe2 Qf4+ 16. Qe3 Qxe3+ 17. fxe3 a6 18. Kd2 Kd7 19. h3 Bh5 20. Kc2
Kc8 21. Rb1 Bg6 22. Nd2 Re7 23. Rb2 Na5 24. Rhb1 Rhe8 25. d5 b5 26. Rb4 Nc4 27.
Nxc4 bxc4 28. Rxc4 Bxe4 29. Bxe4 Rxe4 30. Rxe4 Rxe4 31. Kd2 Ra4 32. Rb2 Kd7 33.
Kd3 c5 34. Ke2 Ke7 35. Kf3 f5 36. g4 fxg4+ 37. hxg4 Kf6 38. e4 Ra3 39. Rc2 Ke5
40. Ke3 Ra4 41. c4 Ra3+ 0-1

[Event "DEM U10 2018"]
[Site "Willingen GER"]
[Date "2018.05.20"]
[Round "2"]
[White "Müller, Mitja"]
[Black "Kieselbach, Jannik"]
[Result "0-1"]
[Termination "normal"]
[Board "20"]
[WhiteElo "1215"]
[BlackElo "1397"]
[PlyCount "90"]
[WhiteFideId "16265807"]
[BlackFideId "16246403"]
[EventCountry "GER"]
[EventRounds "11"]
[EventType "swiss"]
[EventDate "2018.05.19"]

1. d4 d5 2. e3 e6 3. Bd3 Bd6 4. f4 Nd7 5. Nf3 c5 6. c3 c4 7. Bc2 Qe7 8. Nbd2 f6
9. O-O e5 10. fxe5 fxe5 11. Nxe5 Nxe5 12. dxe5 Qxe5 13. Nf3 Qh5 14. Ba4+ Bd7
15. Bxd7+ Kxd7 16. Ne5+ Qxe5 17. g3 b5 18. Qg4+ Kc6 19. Rf7 Ne7 20. a4 Bc5 21.
Rf3 Rhf8 22. axb5+ Kxb5 23. Qd7+ Kb6 24. b4 cxb3 25. Rxf8 Bxe3+ 26. Bxe3+ Qxe3+
27. Kg2 Qd2+ 28. Kh3 Qxc3 29. Ra3 Rxf8 30. Qxe7 Qc8+ 31. g4 Qc3+ 32. Kh4 Qf6+
33. Qxf6+ Rxf6 34. Rxb3+ Kc5 35. g5 Rf4+ 36. Kg3 Rb4 37. Rxb4 Kxb4 38. Kf3 Kc3
39. Ke2 d4 40. Kd1 a5 41. h4 a4 42. Kc1 d3 43. h5 a3 44. h6 a2 45. hxg7 a1=Q#
0-1

[Event "DEM U10 2018"]
[Site "Willingen GER"]
[Date "2018.05.20"]
[Round "2"]
[White "Bräutigam, Alexander"]
[Black "Kamleiter, Noah"]
[Result "1-0"]
[Termination "normal"]
[Board "21"]
[WhiteElo "1323"]
[BlackElo "1213"]
[PlyCount "37"]
[WhiteFideId "16245210"]
[BlackFideId "16265815"]
[EventCountry "GER"]
[EventRounds "11"]
[EventType "swiss"]
[EventDate "2018.05.19"]

1. c4 e5 2. Nc3 Nf6 3. g3 Bc5 4. Bg2 O-O 5. a3 d6 6. b4 Bd4 7. Bb2 Nc6 8. e3
Bxc3 9. Bxc3 Bd7 10. Ne2 Qe7 11. O-O a6 12. f4 exf4 13. Nxf4 Ne4 14. Nd5 Qd8
15. Bxe4 Re8 16. Bxh7+ Kxh7 17. Qh5+ Kg8 18. Qxf7+ Kh8 19. Qxg7# 1-0

[Event "DEM U10 2018"]
[Site "Willingen GER"]
[Date "2018.05.20"]
[Round "2"]
[White "Sinka, Silas"]
[Black "Sauer, Tim"]
[Result "0-1"]
[Termination "normal"]
[Board "22"]
[WhiteElo "1186"]
[BlackElo "1378"]
[PlyCount "66"]
[WhiteFideId "16265823"]
[BlackFideId "16265726"]
[EventCountry "GER"]
[EventRounds "11"]
[EventType "swiss"]
[EventDate "2018.05.19"]

1. d4 d5 2. c4 e6 3. Nc3 Nf6 4. Nf3 c6 5. e3 Bd6 6. Bd3 Nbd7 7. e4 dxe4 8. Bxe4
Nxe4 9. Nxe4 Nf6 10. Nc3 Bc7 11. Bg5 Qd7 12. Bxf6 gxf6 13. Ne4 Qe7 14. O-O O-O
15. Qd2 f5 16. Qh6 fxe4 17. Ng5 f6 18. Nxe4 Qg7 19. Qh4 b6 20. Rae1 Bb7 21. c5
Ba6 22. Nd2 Bxf1 23. Nxf1 Rae8 24. Re4 f5 25. Re3 Rf6 26. Ng3 Rh6 27. Nh5 Qg6
28. f3 Qxh5 29. Qf2 Qxh2+ 30. Kf1 Qg3 31. Qg1 Bf4 32. Rc3 Bd2 33. Rd3 Qe1# 0-1

[Event "DEM U10 2018"]
[Site "Willingen GER"]
[Date "2018.05.20"]
[Round "2"]
[White "Udelnov, Valentin"]
[Black "Malchereck, Romeo"]
[Result "1/2-1/2"]
[Termination "normal"]
[Board "23"]
[WhiteElo "1377"]
[BlackElo "1184"]
[PlyCount "165"]
[WhiteFideId "16265734"]
[BlackFideId "16265831"]
[EventCountry "GER"]
[EventRounds "11"]
[EventType "swiss"]
[EventDate "2018.05.19"]

1. e4 e5 2. Nf3 Nc6 3. Bc4 d6 4. O-O g6 5. Nc3 Bg7 6. d3 Nge7 7. Bg5 h6 8. Bh4
O-O 9. h3 Kh7 10. Nd5 f5 11. Bxe7 Nxe7 12. Re1 c6 13. Nxe7 Qxe7 14. Qd2 fxe4
15. dxe4 Bxh3 16. Re3 Bg4 17. Be2 h5 18. Rd3 Bxf3 19. Bxf3 Rad8 20. Rd1 Rf6 21.
c4 c5 22. b4 b6 23. a4 Bh6 24. Qb2 Qe6 25. Qb3 Rdf8 26. Rf1 cxb4 27. Qxb4 Bf4
28. Rfd1 Rd8 29. a5 bxa5 30. Qxa5 Rd7 31. c5 Qc4 32. Rxd6 Rfxd6 33. cxd6 Qc6
34. Qb4 a5 35. Qxa5 Rxd6 36. Qa7+ Kh6 37. Rxd6 Qxd6 38. g3 Bd2 39. Qa2 Be1 40.
Qe2 Qd2 41. Qxd2+ Bxd2 42. Kg2 g5 43. g4 h4 44. Be2 Bf4 45. Bc4 Kg6 46. f3 Kf6
47. Ba6 Ke6 48. Bc8+ Kd6 49. Bf5 Kc5 50. Bg6 Kd4 51. Bf5 Ke3 52. Bh7 h3+ 53.
Kxh3 Kxf3 54. Bf5 Kf2 55. Bh7 Kg1 56. Bf5 Kf2 57. Bh7 Ke3 58. Bf5 Kf3 59. Bh7
Bh2 60. Bf5 Bg1 61. Bh7 Be3 62. Bf5 Bc1 63. Bh7 Bb2 64. Bf5 Ba3 65. Bh7 Be7 66.
Bf5 Ke3 67. Bg6 Kd4 68. Bf5 Kc5 69. Bh7 Kd6 70. Bf5 Bf6 71. Bh7 Ke7 72. Bf5 Kf7
73. Bh7 Kg7 74. Bf5 Be7 75. Kg2 Bf6 76. Kf3 Kh6 77. Kg2 Be7 78. Kh3 Bf6 79. Kg2
Bh8 80. Kh3 Bg7 81. Kg3 Bf6 82. Kh3 Kg7 83. Kg2 1/2-1/2

[Event "DEM U10 2018"]
[Site "Willingen GER"]
[Date "2018.05.20"]
[Round "2"]
[White "Pauscher, Moritz"]
[Black "Ivanov, Alexander"]
[Result "1-0"]
[Termination "normal"]
[Board "25"]
[WhiteElo "1351"]
[BlackElo "1155"]
[PlyCount "81"]
[WhiteFideId "16265742"]
[BlackFideId "34604472"]
[EventCountry "GER"]
[EventRounds "11"]
[EventType "swiss"]
[EventDate "2018.05.19"]

1. e4 c5 2. Nf3 g6 3. Bc4 Bg7 4. d3 Nc6 5. c3 Nf6 6. Be3 Qb6 7. Qd2 O-O 8. b4
d6 9. h3 Rd8 10. O-O a5 11. bxc5 dxc5 12. Qe2 Nd7 13. d4 cxd4 14. cxd4 Nxd4 15.
Bxd4 Bxd4 16. Nxd4 Qxd4 17. Nd2 Nb6 18. Rad1 Qb2 19. Nf3 Qxe2 20. Rxd8+ Kg7 21.
Bxe2 Bd7 22. Rxa8 Nxa8 23. Rd1 Bc6 24. e5 Nb6 25. Rb1 Na4 26. Rc1 Nb6 27. Nd4
Nd7 28. Nxc6 bxc6 29. Rxc6 Nxe5 30. Rc5 Nd7 31. Rxa5 Nb6 32. a4 e6 33. Ra6 Nd5
34. a5 Nc3 35. Kf1 Kf8 36. Ra7 Ke8 37. a6 Nd5 38. Rb7 Ne7 39. a7 Kd8 40. a8=Q+
Nc8 41. Bb5 1-0

[Event "DEM U10 2018"]
[Site "Willingen GER"]
[Date "2018.05.20"]
[Round "2"]
[White "Scheerer, Julian"]
[Black "Mader, Fabian"]
[Result "1/2-1/2"]
[Termination "normal"]
[Board "26"]
[WhiteElo "1301"]
[BlackElo "1095"]
[PlyCount "48"]
[WhiteFideId "16265769"]
[BlackFideId "16265866"]
[EventCountry "GER"]
[EventRounds "11"]
[EventType "swiss"]
[EventDate "2018.05.19"]

1. e4 e6 2. d4 d5 3. exd5 exd5 4. Bd3 Nc6 5. Nf3 Bg4 6. h3 Bxf3 7. Qxf3 Nxd4 8.
Qe3+ Ne6 9. f4 Bc5 10. Qg3 Ne7 11. Nd2 g6 12. Nf3 Bd6 13. h4 Qd7 14. Be3 O-O-O
15. O-O-O Kb8 16. Ne5 Bxe5 17. fxe5 d4 18. Bf2 Nc5 19. Qf4 Nxd3+ 20. Rxd3 Nf5
21. g4 Ng7 22. Rhd1 Ne6 23. Qd2 Qa4 24. Kb1 c5 1/2-1/2

[Event "DEM U10 2018"]
[Site "Willingen GER"]
[Date "2018.05.20"]
[Round "2"]
[White "Fröhlich, Niklas"]
[Black "Itin, Timofey"]
[Result "1-0"]
[Termination "normal"]
[Board "27"]
[WhiteElo "1147"]
[BlackElo "1298"]
[PlyCount "33"]
[WhiteFideId "16245016"]
[BlackFideId "16265777"]
[EventCountry "GER"]
[EventRounds "11"]
[EventType "swiss"]
[EventDate "2018.05.19"]

1. e4 e5 2. Nf3 Nc6 3. Bc4 Nf6 4. Ng5 d5 5. exd5 Nxd5 6. Nxf7 Kxf7 7. Qf3+ Ke6
8. Nc3 Ncb4 9. O-O c6 10. d4 exd4 11. Re1+ Kd6 12. Qg3+ Kd7 13. Be2 Nf6 14. Bf4
Ke8 15. Bh5+ Kd7 16. Bg4+ Nxg4 17. Qxg4# 1-0

[Event "DEM U10 2018"]
[Site "Willingen GER"]
[Date "2018.05.20"]
[Round "2"]
[White "Hubert, Nikita"]
[Black "Apel, Linus"]
[Result "0-1"]
[Termination "normal"]
[Board "28"]
[WhiteElo "1122"]
[BlackElo "1283"]
[PlyCount "64"]
[WhiteFideId "16235754"]
[BlackFideId "16265785"]
[EventCountry "GER"]
[EventRounds "11"]
[EventType "swiss"]
[EventDate "2018.05.19"]

1. e4 e5 2. Nf3 Nc6 3. Bc4 Bc5 4. d3 Nf6 5. O-O d6 6. Re1 O-O 7. h3 Be6 8. Bb3
Bb6 9. Bg5 h6 10. Bh4 Na5 11. Bxe6 fxe6 12. c3 Nc6 13. d4 exd4 14. cxd4 e5 15.
dxe5 Nxe5 16. Nxe5 dxe5 17. Nc3 Qe8 18. Qb3+ Kh8 19. Bxf6 Rxf6 20. Re2 c6 21.
Rd1 Rd8 22. Rxd8 Qxd8 23. Qc2 Qd7 24. Kh2 Qf7 25. f3 Rg6 26. Rd2 Qf4+ 27. Kh1
Qf7 28. b3 Qe7 29. Na4 Bd4 30. Rd3 Rd6 31. Nc5 Qc7 32. a4 Bxc5 0-1

[Event "DEM U10 2018"]
[Site "Willingen GER"]
[Date "2018.05.20"]
[Round "2"]
[White "Rumpold, Jaron"]
[Black "Schüller, Julian"]
[Result "1-0"]
[Termination "normal"]
[Board "29"]
[WhiteElo "1259"]
[BlackElo "1035"]
[PlyCount "103"]
[WhiteFideId "16265793"]
[BlackFideId "16265882"]
[EventCountry "GER"]
[EventRounds "11"]
[EventType "swiss"]
[EventDate "2018.05.19"]

1. d4 d5 2. c4 e6 3. Nf3 Nf6 4. Nc3 c6 5. a3 Nbd7 6. Bf4 dxc4 7. e4 c5 8. Bxc4
a6 9. O-O b5 10. Be2 Bb7 11. e5 Nd5 12. Nxd5 Bxd5 13. Qd2 h6 14. Rac1 Rc8 15.
Be3 c4 16. Qc3 a5 17. b4 a4 18. Nd2 Nb6 19. f4 g6 20. Bf3 f6 21. Ne4 Bxe4 22.
Bxe4 f5 23. Bb7 Nd5 24. Qd2 Rc7 25. Bxd5 Qxd5 26. Qe2 Be7 27. Qf3 Qd8 28. Rfd1
Rd7 29. Qc6 Qb8 30. Qxe6 g5 31. Qxf5 Qb6 32. Rc3 gxf4 33. Qxf4 Bg5 34. Qe4
Bxe3+ 35. Qxe3 Qb7 36. e6 Rg7 37. g3 Rhg8 38. d5 Qa7 39. Qxa7 Rxa7 40. d6 Ra6
41. Rc2 Kd8 42. Rcd2 Ra8 43. d7 Ke7 44. Kf2 Rgf8+ 45. Ke3 Rfd8 46. Rd6 Ra7 47.
Rc6 Rb7 48. Ke4 Kf6 49. Rc8 Ke7 50. Ke5 Rb6 51. Rxd8 Kxd8 52. e7+ 1-0

[Event "DEM U10 2018"]
[Site "Willingen GER"]
[Date "2018.05.20"]
[Round "2"]
[White "Westedt, Felix"]
[Black "Burkart, Lloyd Shang"]
[Result "1-0"]
[Termination "normal"]
[Board "30"]
[WhiteElo "1049"]
[BlackElo "1254"]
[PlyCount "41"]
[WhiteFideId "16265874"]
[BlackFideId "16239059"]
[EventCountry "GER"]
[EventRounds "11"]
[EventType "swiss"]
[EventDate "2018.05.19"]

1. d4 Nf6 2. c4 e6 3. Nc3 Bb4 4. e3 O-O 5. Nge2 b6 6. a3 Bxc3+ 7. Nxc3 Bb7 8.
Bd3 Bxg2 9. Rg1 Bb7 10. e4 d5 11. e5 Nfd7 12. Qc2 h6 13. Bxh6 Re8 14. Bxg7 Qh4
15. Bh6+ Kh8 16. Bg7+ Kg8 17. Bf6+ Qg3 18. Rxg3+ Kf8 19. Bh7 Nxf6 20. exf6 Re7
21. Rg8# 1-0

[Event "DEM U10 2018"]
[Site "Willingen GER"]
[Date "2018.05.21"]
[Round "3"]
[White "Deuer, Marius"]
[Black "Möller, Maurin"]
[Result "0-1"]
[Termination "normal"]
[Board "1"]
[WhiteElo "1842"]
[BlackElo "1500"]
[WhiteClock "00:15:24"]
[BlackClock "00:49:29"]
[PlyCount "112"]
[WhiteFideId "16236432"]
[BlackFideId "16265696"]
[EventCountry "GER"]
[EventRounds "11"]
[EventType "swiss"]
[EventDate "2018.05.19"]

1. e4 {[%clk 1:15:59]} 1... e5 {[%clk 1:15:56]} 2. Nf3 {[%clk 1:16:22]} 2...
Nf6 {[%clk 1:16:24]} 3. Nxe5 {[%clk 1:16:43]} 3... d6 {[%clk 1:16:51]} 4. Nf3 {
[%clk 1:17:04]} 4... Nxe4 {[%clk 1:17:15]} 5. Nc3 {[%clk 1:17:29]} 5... Nxc3 {
[%clk 1:17:38]} 6. dxc3 {[%clk 1:17:54]} 6... d5 {[%clk 1:18:00]} 7. c4 { [%clk
1:07:57]} 7... Be6 {[%clk 1:17:05]} 8. Nd4 {[%clk 1:01:11]} 8... c6 { [%clk
1:12:03]} 9. Nxe6 {[%clk 0:58:54]} 9... fxe6 {[%clk 1:12:23]} 10. Bd3 { [%clk
0:59:21]} 10... Qf6 {[%clk 1:09:30]} 11. O-O {[%clk 0:54:33]} 11... Bd6 { [%clk
1:09:26]} 12. Qg4 {[%clk 0:49:13]} 12... O-O {[%clk 1:03:30]} 13. Bg5 { [%clk
0:48:13]} 13... Qf7 {[%clk 1:00:53]} 14. f4 {[%clk 0:43:47]} 14... Nd7 { [%clk
0:59:55]} 15. Rae1 {[%clk 0:34:44]} 15... Rae8 {[%clk 0:55:28]} 16. Qh3 { [%clk
0:30:10]} 16... h6 {[%clk 0:53:11]} 17. Rf3 {[%clk 0:30:14]} 17... Nf6 { [%clk
0:50:28]} 18. Bxh6 {[%clk 0:29:14]} 18... Qh5 {[%clk 0:48:50]} 19. Qxh5 { [%clk
0:27:36]} 19... Nxh5 {[%clk 0:49:07]} 20. Bg6 {[%clk 0:28:01]} 20... Re7 {[%clk
0:48:45]} 21. Bg5 {[%clk 0:26:34]} 21... Nf6 {[%clk 0:49:11]} 22. g3 { [%clk
0:26:13]} 22... e5 {[%clk 0:47:26]} 23. Rfe3 {[%clk 0:23:43]} 23... Bc5 { [%clk
0:47:47]} 24. fxe5 {[%clk 0:24:08]} 24... Rxe5 {[%clk 0:48:01]} 25. Bf4 { [%clk
0:21:36]} 25... Bxe3+ {[%clk 0:48:26]} 26. Rxe3 {[%clk 0:21:57]} 26... Rxe3
{[%clk 0:48:48]} 27. Bxe3 {[%clk 0:22:20]} 27... dxc4 {[%clk 0:48:32]} 28. c3
{[%clk 0:21:53]} 28... Nd5 {[%clk 0:48:33]} 29. Bd4 {[%clk 0:21:02]} 29... b6
{[%clk 0:46:53]} 30. Kg2 {[%clk 0:19:57]} 30... c5 {[%clk 0:47:12]} 31. Be5
{[%clk 0:19:03]} 31... Ne3+ {[%clk 0:47:14]} 32. Kh3 {[%clk 0:19:15]} 32... Rd8
{[%clk 0:46:38]} 33. Bc7 {[%clk 0:18:03]} 33... Rd5 {[%clk 0:45:03]} 34. Bf4 {
[%clk 0:16:15]} 34... Nd1 {[%clk 0:44:13]} 35. Be4 {[%clk 0:16:05]} 35... Nf2+
{[%clk 0:44:32]} 36. Kg2 {[%clk 0:16:23]} 36... Nxe4 {[%clk 0:44:56]} 37. Kf3 {
[%clk 0:16:48]} 37... Nd2+ {[%clk 0:44:35]} 38. Ke2 {[%clk 0:17:02]} 38... Ne4
{[%clk 0:44:41]} 39. Ke3 {[%clk 0:17:21]} 39... Nf6 {[%clk 0:44:57]} 40. Ke2 {
[%clk 0:17:28]} 40... g5 {[%clk 0:45:05]} 41. Bd2 {[%clk 0:16:24]} 41... Kf7 {
[%clk 0:44:51]} 42. Be3 {[%clk 0:15:53]} 42... Kg6 {[%clk 0:45:12]} 43. h3 {
[%clk 0:15:39]} 43... Kh5 {[%clk 0:45:15]} 44. Bf2 {[%clk 0:14:24]} 44... Rd3 {
[%clk 0:45:22]} 45. Be1 {[%clk 0:13:56]} 45... Ne4 {[%clk 0:45:44]} 46. g4+ {
[%clk 0:14:19]} 46... Kg6 {[%clk 0:46:09]} 47. h4 {[%clk 0:14:41]} 47... gxh4 {
[%clk 0:46:03]} 48. Bxh4 {[%clk 0:14:50]} 48... Nf6 {[%clk 0:46:24]} 49. Bxf6 {
[%clk 0:13:31]} 49... Kxf6 {[%clk 0:46:50]} 50. Ke1 50... Kg5 {[%clk 0:47:11]}
51. Ke2 {[%clk 0:14:16]} 51... Kxg4 {[%clk 0:47:34]} 52. Ke1 {[%clk 0:14:42]}
52... Kf3 {[%clk 0:47:58]} 53. b3 {[%clk 0:14:20]} 53... a6 {[%clk 0:48:18]}
54. bxc4 {[%clk 0:14:42]} 54... Rd6 {[%clk 0:48:40]} 55. a3 {[%clk 0:15:04]}
55... a5 {[%clk 0:49:05]} 56. a4 {[%clk 0:15:24]} 56... Rd3 {[%clk 0:49:29]}
0-1